| 000 | 00474nam a2200193Ia 4500 | ||
|---|---|---|---|
| 008 | 170918s9999 xx 000 0 und d | ||
| 020 | _a9781846650727 | ||
| 050 | _bSt848tr 2006 | ||
| 100 | _aStevenson, R.L. | ||
| 245 | _aTreasure island / | ||
| 245 | _cby R.L. Stevenson. | ||
| 260 | _aLondon : | ||
| 260 | _bCharrles Baker Ltd., | ||
| 260 | _c2006 | ||
| 300 | _a90 pages : | ||
| 300 | _billustrations ; | ||
| 300 | _c22cm. | ||
| 300 | _eCharles baker classics. | ||
| 999 |
_c343331 _d343331 |
||